El Apocalipsis ; comentario exegético-espiritual

Uloženo v:
Podrobná bibliografie
Hlavní autor: Bianchi, Enzo
Médium: Kniha
Jazyk:španělština
Vydáno: Salamanca Sígueme 2009
Témata:
Tagy: Přidat tag
Žádné tagy, Buďte první, kdo vytvoří štítek k tomuto záznamu!

MARC

LEADER 00000nam a22000005a 4500
003 CL-ChBUA
005 20171010162656.0
007 ta
008 110210s2009 sp ||||| |||| 000 ||spa
020 |a 9788430117031 
040 |a CL-ChBUA  |c CL-ChBUA  |e rda 
082 0 0 |a 228.7 
100 1 |a Bianchi, Enzo 
245 1 0 |a El Apocalipsis ;  |b comentario exegético-espiritual 
260 |a Salamanca  |b Sígueme  |c 2009 
300 |a 254 p.  |c 21 cm. 
504 |a índice, bibl. 
630 4 |a BIBLIA  |x NUEVO TESTAMENTO   |x COMENTARIOS 
650 4 |a APOCALIPSIS   |x COMENTARIOS 
942 |c LIB  |2 ddc 
945 |0 nac 
952 |0 0  |1 0  |4 0  |7 0  |9 66512  |a UNACH  |b UNACH  |c 200  |d 2011-02-10  |i 47.158  |l 26  |m 5  |o 228.7 / B 577  |p 67644  |r 2025-12-02 16:25:46  |s 2023-11-28  |u 66512  |w 2012-08-08  |y LIB  |k 228.7 / B 577 
999 |c 28319  |d 28319